000 01178nam a2200301 4500
001 174392
003 ES-MaACL
005 20250912063055.0
008 100413s1994 sp |||| |bspa d
017 _aM 30410-1994
020 _a84-86864-13-5
080 _a330.862
100 1 _aLeval, Gastón,
_d1895-1978
_9242245
245 1 0 _aPráctica del socialismo libertario /
_cGaston Leval ; traducción e introducción [notas y estudios preliminares], Antonio Colomer Viadel.
260 _aVillaverde Alto, Madrid :
_bFundación de Estudios Libertarios Anselmo Lorenzo,
_c1994.
300 _a174 p. ;
_c20 cm.
490 1 _aColección Cuadernos libertarios (Fundación Anselmo Lorenzo) ;
_v2
_9228262
504 _aBibliografía: p.17-27.
594 _aTraducción de: Pratique du socialisme libertaire.
600 1 4 _aLeval, Gastón,
_d1895-1978
_9242245
650 7 _aAnarquismo
_2embne
_99783
700 1 _aColomer Viadel, Antonio.
_939856
710 2 _aFundación Anselmo Lorenzo.
_94216
830 1 _aColección Cuadernos libertarios (Fundación Anselmo Lorenzo) ;
_v2
_9228262
852 4 _a BA
_jC-57126
942 _2udc
999 _c174392
_d174392